| 000 | 00698nam a2200229Ia 4500 | ||
|---|---|---|---|
| 003 | GCL | ||
| 008 | 140319s9999 xx 000 0 ara d | ||
| 040 |
_aGCL / _cGCL |
||
| 082 | 0 | 4 |
_a810.9027 _bن س |
| 100 | 1 | _aنبيلة ابراهيم | |
| 245 | 1 | 0 |
_aسيرة الاميرة ذات الهمه: دراسة مقارنة / _cنبيلة ابراهيم |
| 300 | _a260 ص | ||
| 490 |
_aكتاب _v0 |
||
| 650 | 0 | 4 | _aالادب العربى |
| 650 | 0 | 4 | _aالادب |
| 650 | 0 | 4 | _aالتراث العربى |
| 650 | 0 | 4 | _aالخرافات |
| 650 | 0 | 4 | _aالاساطير |
| 650 | 0 | 4 | _aالشخصية فى الادب |
| 650 | 0 | 4 | _aالادب الشعبى - تاريخ ونقد |
| 942 |
_2ddc _cBK |
||
| 999 |
_c41011 _d41011 |
||